Span (Record no. 21875)

MARC details
000 -LEADER
fixed length control field 00529nam a22001457a 4500
008 - FIXED-LENGTH DATA ELEMENTS--GENERAL INFORMATION
fixed length control field 090121c xxu||||| |||| 00| 0 eng d
082 ## - DEWEY DECIMAL CLASSIFICATION NUMBER
Classification number 973
245 ## - TITLE STATEMENT
Title Span
260 ## - PUBLICATION, DISTRIBUTION, ETC. (IMPRINT)
Place of publication, distribution, etc New Delhi
Name of publisher, distributor, etc Public Affairs Section, American Centre
Date of publication, distribution, etc 1959-
300 ## - PHYSICAL DESCRIPTION
Extent v.
Dimensions 26 cm
310 ## - CURRENT PUBLICATION FREQUENCY
Current publication frequency bio-monthly
270 ## - ADDRESS
Address Kasturba Gandhi Marg
City New Delhi
Country India
Postal code 110001
Telephone number 23472205
Electronic mail address editorspan@state.gov
942 ## - ADDED ENTRY ELEMENTS (KOHA)
Source of classification or shelving scheme Dewey Decimal Classification
Item type Periodicals
Classification part 973
Call number suffix SPA
Serial record 1
Holdings
Withdrawn status Lost status Source of classification or shelving scheme Damaged status Not for loan Collection code Home library Current library Date acquired Total Checkouts Full call number Date last seen Price effective from Koha item type
    Dewey Decimal Classification   Not For Loan Non-fiction D.B.Act.Division D.B.Act.Division 21/01/2009   973 SPA 21/01/2009 21/01/2009 Periodicals

© Delhi Public Library
Hit Counter
free hit counter